000 00786naa a22002537a 4500
001 BR8106870
003 BR-BrBNA
005 20240918175032.0
007 ta
008 230509b bl.||||| |||| 00| 0 por d
040 _aBR-BrBNA
_bpor
_cBiblioteca Nacional de Agricultura
041 _a(Pt)
072 _aQ10
_b0336
_b9205
090 _aQ10 BR8106870
100 1 _aSartori, M.R.
245 1 _aMovimentacao e secagem de graos [soja]
_bCapitulo 13 - Beneficiamento e armazenamento
260 3 _aSao Paulo, SP (Brasil):
_c1981.
500 _aMiyasaka, S.; Medina, J.C. (eds.) A soja no Brasil Sao Paulo, SP (Brasil): 1981. p. 776-784 (BR8106870-AM)Q10
650 _aSOJA
650 _aGRAO
650 _aSECAGEM
909 _a202404
_bLucia
_c55
_dLucia Elande
942 _cAM
_2AGRIS
999 _c314675
_d314675